Les featurings de Josman - Mort subite - Statistiques

Statistiques générales
  • Ce quiz a été pris 262 fois
    147 depuis la dernière actualisation
  • Le résultat moyen est 7 sur 12
Answers on the Grid
Answers color-coded by a green-red scale on the quiz's grid according to % correct below.
Jorja Smith
Dinos
Dosseh
OBOY
Monsieur Nov
SDM
Guy2Bezbar
Arma Jackson
Luv Resval
Werenoi
Jok'air
Hamza
Damso
Nekfeu
PNL
Ninho
 
Statistiques - réponses
Réponse % Correct
Hamza
81%
Arma Jackson
78%
Guy2Bezbar
74%
Monsieur Nov
74%
Dinos
71%
SDM
64%
Jorja Smith
61%
OBOY
59%
Luv Resval
56%
Dosseh
54%
Damso
31%
Ninho
22%
Aucun quiz correspondant
Distribution des résultats
% des personnes avec chaque résultat
Percentile par nombre de réponses
Votre historique - résultats
Vous n’avez pas pris ce quiz depuis la dernière actualisation